Pokémon Con Forme Regionali - Statistics

Statistiche generali
  • Questo quiz è stato fatto 48 volte
  • Il punteggio medio è 26 su 54
Statistiche sulle risposte
Pokédex Regione Originale Regione Con Forma Regionale Pokémon % Corretto
#052 Kanto Alola, Galar Meowth
84%
#053 Kanto Alola, Galar Persian
81%
#037 Kanto Alola Vulpix
74%
#058 Kanto Hisui Growlithe
72%
#038 Kanto Alola Ninetales
72%
#059 Kanto Hisui Arcanine
70%
#019 Kanto Alola Rattata
70%
#020 Kanto Alola Raticate
67%
#026 Kanto Alola Raichu
65%
#027 Kanto Alola Sandshrew
65%
#088 Kanto Alola Grimer
63%
#028 Kanto Alola Sandslash
63%
#089 Kanto Alola Muk
60%
#101 Kanto Hisui Electrode
56%
#100 Kanto Hisui Voltorb
56%
#050 Kanto Alola Diglett
53%
#051 Kanto Alola Dugtrio
53%
#074 Kanto Alola Geodude
53%
#076 Kanto Alola Golem
53%
#724 Alola Hisui Decidueye
51%
#075 Kanto Alola Graveler
51%
#144 Kanto Galar Articuno
49%
#077 Kanto Galar Ponyta
49%
#078 Kanto Galar Rapidash
49%
#157 Johto Hisui Typhlosion
49%
#145 Kanto Galar Zapdos
49%
#146 Kanto Galar Moltres
47%
#503 Unima Hisui Samurott
47%
#215 Johto Hisui Sneasel
47%
#194 Johto Paldea Wooper
47%
#103 Kanto Alola Exeggutor
44%
#263 Hoenn Galar Zigzagoon
44%
#105 Kanto Alola Marowak
42%
#128 Kanto Paldea Tauros
42%
#110 Kanto Galar Weezing
42%
#571 Unima Hisui Zoroark
42%
#570 Unima Hisui Zorua
42%
#083 Kanto Galar Farfetch'd
40%
#549 Unima Hisui Lilligant
37%
#264 Hoenn Galar Linoone
37%
#122 Kanto Galar Mr. Mime
37%
#716 Kalos Hisui Avalugg
35%
#211 Johto Hisui Qwilfish
35%
#706 Kalos Hisui Goodra
33%
#080 Kanto Galar Slowbro
33%
#199 Johto Galar Slowking
33%
#079 Kanto Galar Slowpoke
33%
#618 Unima Galar Stunfisk
33%
#628 Unima Hisui Braviary
30%
#555 Unima Galar Darmanitan
30%
#554 Unima Galar Darumaka
30%
#705 Kalos Hisui Sliggoo
28%
#222 Johto Galar Corsola
26%
#562 Unima Galar Yamask
21%
Nessun quiz corrispondente trovato
Distribuzione punteggi
Percentuale di utenti per punteggio
Percentile per numero di risposta
I tuoi punteggi nel tempo
Non hai fatto questo quiz